Mike Salcedo Number Lore Quiz - Multiple Choice - Statistics

General Stats
  • This quiz has been taken 27 times
  • The average score is 7 of 10
Answer Stats
Question Answer % Correct
What color is one? Blue
100%
Who punched 3 so softly? g
100%
What is three's ability? Has a long tongue
100%
In which 4 episode, they call L a jerk? 4.1
86%
What is two's special ability? Can shoot teeth
86%
What is three's eye color? yellow
86%
Why did one need the letter X? Multiplication
71%
Is 4 out? (June 8 2024) no
57%
Which episode of 4 has the most suspense? (at the end) 4.3
14%
What is two's color? Orange
0%
No matching quizzes found
Score Distribution
Percent of People with Each Score
Percentile by Number Answered
Your Score History
You have not taken this quiz